[Event "Campeonato Individual Absoluto de Madrid"]
[Site "Madrid ESP"]
[Date "2025.05.05"]
[Round "1.1"]
[White "Suarez Uriel, Adrian"]
[Black "Escriva De Romani, Querejeta Bel"]
[Result "1-0"]
[WhiteElo "2398"]
[BlackElo "1979"]
[PlyCount "31"]
[GameId "2174214734979301"]
[EventDate "2025.05.05"]
[EventType "swiss"]
[EventRounds "7"]
[SourceTitle "Ajedrez en Madrid"]
[Source "lmi"]
[SourceDate "2025.05.05"]
[SourceVersion "1"]
[SourceVersionDate "2025.05.14"]
[SourceQuality "1"]

1. e4 Nf6 2. e5 Nd5 3. d4 d6 4. Nf3 g6 5. Bc4 Nb6 6. Bb3 Bg7 7. exd6 cxd6 8. a4 O-O 9. a5 N6d7 10. O-O e5 11. Bg5 Qc7 12. Nc3 exd4 13. Nxd4 a6 14. Nd5 Qc5 15. Be3 Re8 16. Ne6 1-0

[Event "Campeonato Individual Absoluto de Madrid"]
[Site "Madrid ESP"]
[Date "2025.05.05"]
[Round "1.2"]
[White "San Vicente Crespo, Pablo"]
[Black "Lianes Garcia, Marcos"]
[Result "0-1"]
[WhiteElo "1973"]
[BlackElo "2383"]
[PlyCount "96"]
[GameId "2174246016778307"]
[EventDate "2025.05.05"]
[EventType "swiss"]
[EventRounds "7"]
[SourceTitle "Ajedrez en Madrid"]
[Source "lmi"]
[SourceDate "2025.05.05"]
[SourceVersion "1"]
[SourceVersionDate "2025.05.14"]
[SourceQuality "1"]

1. e4 Nc6 2. Nf3 d5 3. exd5 Qxd5 4. Nc3 Qa5 5. h3 Bf5 6. Bc4 e6 7. O-O O-O-O 8. d3 Nf6 9. Qe2 Bg6 10. Bb5 Nd4 11. Nxd4 Rxd4 12. Qe5 c5 13. b4 Qxb4 14. Bd2 Bd6 15. Qe1 Bf4 16. Bxf4 Rxf4 17. Rb1 Qa5 18. Qe3 Rd4 19. Ne2 Rd5 20. Bc4 Qc7 21. Bxd5 Nxd5 22. Qg3 Rd8 23. Rb5 b6 24. Qg4 f5 25. Qc4 Be8 26. Rb3 e5 27. Nc3 Nb4 28. a3 Bf7 29. Qh4 Nxc2 30. Nb5 Qd7 31. Rb2 Nd4 32. Nxd4 Qxd4 33. Qe7 Rd7 34. Qf8+ Kb7 35. Rfb1 Qd6 36. Qxd6 Rxd6 37. Re1 Rxd3 38. Rxe5 Kc6 39. Re7 Rd1+ 40. Kh2 Rd7 41. Rxd7 Kxd7 42. Kg3 Kd6 43. Kf4 c4 44. Rb5 Bd5 45. a4 c3 46. Ke3 f4+ 47. Kd4 c2 48. Rxd5+ Kc7 0-1

[Event "Campeonato Individual Absoluto de Madrid"]
[Site "Madrid ESP"]
[Date "2025.05.05"]
[Round "1.3"]
[White "Moreno Ruiz, Javier"]
[Black "Alvarez Abejon, Amilcar"]
[Result "1-0"]
[WhiteElo "2379"]
[BlackElo "1968"]
[PlyCount "64"]
[GameId "2174240090796421"]
[EventDate "2025.05.05"]
[EventType "swiss"]
[EventRounds "7"]
[SourceTitle "Ajedrez en Madrid"]
[Source "lmi"]
[SourceDate "2025.05.05"]
[SourceVersion "1"]
[SourceVersionDate "2025.05.14"]
[SourceQuality "1"]

1. d4 Nf6 2. c4 c5 3. d5 b5 4. Qc2 bxc4 5. e4 d6 6. Bxc4 g6 7. Nc3 Bg7 8. Nf3 O-O 9. O-O Ba6 10. Nb5 Bxb5 11. Bxb5 Qb6 12. Bc4 Ng4 13. Rb1 Ne5 14. Nxe5 Bxe5 15. Be3 a5 16. b3 Na6 17. a3 Qb7 18. Bd2 Nc7 19. Qd3 Rfb8 20. a4 Na6 21. Bb5 Qb6 22. Kh1 Nb4 23. Qc4 Ra7 24. f4 Bd4 25. Rbe1 Qd8 26. Rf3 f6 27. e5 Kg7 28. exf6+ exf6 29. Re6 Re7 30. f5 gxf5 31. Rg3+ Kh8 32. Bh6 Rbb7 1-0

[Event "Campeonato Individual Absoluto de Madrid"]
[Site "Madrid ESP"]
[Date "2025.05.05"]
[Round "1.4"]
[White "Lorenzo Bailador, Alfredo"]
[Black "Horcajuelo Rocamora, Martin"]
[Result "0-1"]
[WhiteElo "1968"]
[BlackElo "2367"]
[PlyCount "60"]
[GameId "2174240887902611"]
[EventDate "2025.05.05"]
[EventType "swiss"]
[EventRounds "7"]
[SourceTitle "Ajedrez en Madrid"]
[Source "lmi"]
[SourceDate "2025.05.05"]
[SourceVersion "1"]
[SourceVersionDate "2025.05.14"]
[SourceQuality "1"]

1. e4 c5 2. c3 d5 3. exd5 Nf6 4. Qa4+ Nbd7 5. c4 b5 6. Qc2 bxc4 7. Bxc4 g6 8. Nf3 Bg7 9. d4 O-O 10. dxc5 Qa5+ 11. Nc3 Qxc5 12. Bb3 Ba6 13. Be3 Qa5 14. Qd2 Nc5 15. Bxc5 Qxc5 16. h3 Rfd8 17. Qe3 Qb4 18. O-O-O Rac8 19. Kb1 Bc4 20. Ne5 Bxb3 21. Nc6 Rxc6 22. dxc6 Bxd1 23. c7 Rc8 24. Rxd1 Rxc7 25. Rd8+ Bf8 26. g4 Rb7 27. Qd2 Ne4 28. Nxe4 Qxe4+ 29. Kc1 Rc7+ 30. Kd1 Qb1+ 0-1

[Event "Campeonato Individual Absoluto de Madrid"]
[Site "Madrid ESP"]
[Date "2025.05.05"]
[Round "1.5"]
[White "Rubio Mejia, Luis Ignacio"]
[Black "Liern Matesanz, Jairo"]
[Result "1-0"]
[WhiteElo "2355"]
[BlackElo "1963"]
[PlyCount "69"]
[GameId "2174247038214264"]
[EventDate "2025.05.05"]
[EventType "swiss"]
[EventRounds "7"]
[SourceTitle "Ajedrez en Madrid"]
[Source "lmi"]
[SourceDate "2025.05.05"]
[SourceVersion "1"]
[SourceVersionDate "2025.05.14"]
[SourceQuality "1"]

1. d4 Nf6 2. c4 e6 3. Nc3 Bb4 4. e3 O-O 5. Bd3 d6 6. Nge2 e5 7. O-O Re8 8. a3 Bxc3 9. Nxc3 Nc6 10. d5 Ne7 11. b4 b6 12. e4 Ng6 13. g3 Bh3 14. Re1 Qd7 15. c5 a6 16. c6 Qd8 17. Qe2 Ng4 18. Bxa6 Nf4 19. Bxf4 exf4 20. Bb7 Qf6 21. Bxa8 Qxc3 22. Bb7 f3 23. Qd1 Bg2 24. Qc1 Qd4 25. Ra2 Qe5 26. h4 f5 27. Qf4 Qxd5 28. Rd2 Qb5 29. Rdd1 Qc4 30. exf5 Qc2 31. Qxg4 Re2 32. f6 g6 33. Qd7 Kf8 34. Qg7+ Ke8 35. Qg8# 1-0

[Event "Campeonato Individual Absoluto de Madrid"]
[Site "Madrid ESP"]
[Date "2025.05.05"]
[Round "1.6"]
[White "Perdiguero Herreros, Alejandro"]
[Black "Martin Duque, Jesus"]
[Result "0-1"]
[WhiteElo "1962"]
[BlackElo "2344"]
[PlyCount "54"]
[GameId "2174205390618742"]
[EventDate "2025.05.05"]
[EventType "swiss"]
[EventRounds "7"]
[SourceTitle "Ajedrez en Madrid"]
[Source "lmi"]
[SourceDate "2025.05.05"]
[SourceVersion "1"]
[SourceVersionDate "2025.05.14"]
[SourceQuality "1"]

1. d4 Nf6 2. c4 b6 3. Nc3 Bb7 4. Bg5 e6 5. e4 h6 6. Bxf6 Qxf6 7. Be2 Bb4 8. Bf3 Bxc3+ 9. bxc3 e5 10. Ne2 Nc6 11. O-O Na5 12. Qa4 Qc6 13. Qxc6 Bxc6 14. dxe5 Nxc4 15. Nd4 Nxe5 16. Nxc6 Nxf3+ 17. gxf3 dxc6 18. Rad1 Ke7 19. Rd4 c5 20. Rd5 c6 21. Re5+ Kf6 22. f4 Rhe8 23. Rf5+ Kg6 24. f3 f6 25. h4 Kf7 26. h5 Rad8 27. e5 Ke6 0-1

[Event "Campeonato Individual Absoluto de Madrid"]
[Site "Madrid ESP"]
[Date "2025.05.05"]
[Round "1.7"]
[White "Rottenwohrer Suarez, Juan"]
[Black "Martin Rodriguez, Emilio"]
[Result "1-0"]
[WhiteElo "2340"]
[BlackElo "1959"]
[PlyCount "59"]
[GameId "2174242435883425"]
[EventDate "2025.05.05"]
[EventType "swiss"]
[EventRounds "7"]
[SourceTitle "Ajedrez en Madrid"]
[Source "lmi"]
[SourceDate "2025.05.05"]
[SourceVersion "1"]
[SourceVersionDate "2025.05.14"]
[SourceQuality "1"]

1. d4 d5 2. c4 c6 3. Nf3 Nf6 4. e3 e6 5. Nc3 Nbd7 6. Bd3 dxc4 7. Bxc4 b5 8. Bd3 Bd6 9. a3 Bb7 10. O-O O-O 11. h3 Qe7 12. Qc2 a6 13. e4 e5 14. Be3 c5 15. dxe5 Nxe5 16. Nxe5 Bxe5 17. Nd5 Nxd5 18. exd5 Bxd5 19. Rad1 Bb7 20. Bxc5 Qg5 21. f4 Bxf4 22. Bxf8 Rxf8 23. Bxh7+ Kh8 24. Be4 Bc8 25. Rf3 Be6 26. Kh1 Bb8 27. Bf5 Rc8 28. Qd3 Bc4 29. Qe3 Rd8 30. Re1 1-0

[Event "Campeonato Individual Absoluto de Madrid"]
[Site "Madrid ESP"]
[Date "2025.05.05"]
[Round "1.8"]
[White "Martin Martin, Luis Vicente"]
[Black "Torres Rebolledo, Alvaro"]
[Result "1/2-1/2"]
[WhiteElo "1958"]
[BlackElo "2336"]
[PlyCount "81"]
[GameId "2174243244208559"]
[EventDate "2025.05.05"]
[EventType "swiss"]
[EventRounds "7"]
[SourceTitle "Ajedrez en Madrid"]
[Source "lmi"]
[SourceDate "2025.05.05"]
[SourceVersion "1"]
[SourceVersionDate "2025.05.14"]
[SourceQuality "1"]

1. d4 Nf6 2. Nf3 e6 3. Bf4 c5 4. e3 d5 5. Nbd2 Nc6 6. c3 cxd4 7. exd4 Nh5 8. Be3 Bd6 9. Ne5 Nf6 10. f4 Qb6 11. Qb3 Ng8 12. Qxb6 axb6 13. a3 f6 14. Nd3 Nh6 15. Be2 O-O 16. O-O Bd7 17. Rae1 Na5 18. g4 Rfe8 19. f5 exf5 20. Bxh6 gxh6 21. gxf5 Bb5 22. Nc1 Bxe2 23. Rxe2 Kf7 24. Rxe8 Rxe8 25. Nd3 Nc4 26. Nxc4 dxc4 27. Nf4 Re4 28. Nd5 b5 29. Rf2 h5 30. Kf1 Rg4 31. Ne3 Rh4 32. Kg1 Re4 33. Nd5 h4 34. Kg2 Rg4+ 35. Kh3 Re4 36. Kg2 Bf8 37. Kf3 Re1 38. Kg4 Re4+ 39. Kf3 Re1 40. Kg4 Re4+ 41. Kf3 1/2-1/2

[Event "Campeonato Individual Absoluto de Madrid"]
[Site "Madrid ESP"]
[Date "2025.05.05"]
[Round "1.9"]
[White "De La Puerta Cresis, Javier"]
[Black "Marquez Misel, Michael Angel"]
[Result "1-0"]
[WhiteElo "2242"]
[BlackElo "1953"]
[PlyCount "87"]
[GameId "2174247812980871"]
[EventDate "2025.05.05"]
[EventType "swiss"]
[EventRounds "7"]
[SourceTitle "Ajedrez en Madrid"]
[Source "lmi"]
[SourceDate "2025.05.05"]
[SourceVersion "1"]
[SourceVersionDate "2025.05.14"]
[SourceQuality "1"]

1. e4 c5 2. Nf3 g6 3. c3 Bg7 4. d4 cxd4 5. cxd4 d5 6. e5 f6 7. h3 Nc6 8. Bb5 Bd7 9. O-O fxe5 10. Bxc6 bxc6 11. dxe5 Nh6 12. Re1 Be6 13. Be3 O-O 14. Nc3 Qd7 15. Ng5 Nf5 16. Na4 Nxe3 17. Rxe3 Qc8 18. Nc5 Bf7 19. Rc1 Bh6 20. Rg3 e6 21. Qg4 Bxg5 22. Qxg5 Qd8 23. Qg4 Qe7 24. Rf3 Rab8 25. b4 h5 26. Qd4 Be8 27. Rxf8+ Kxf8 28. Rc3 Kg7 29. Rf3 Bf7 30. Rf6 a5 31. a3 axb4 32. axb4 Re8 33. Nd3 Rh8 34. Nf4 g5 35. Ne2 Rh6 36. Rf3 Rg6 37. Ng3 Rh6 38. Ra3 Qb7 39. Ra7 Qb8 40. Qe3 Kg6 41. h4 gxh4 42. Rxf7 Kxf7 43. Qxh6 hxg3 44. Qh7+ 1-0

[Event "Campeonato Individual Absoluto de Madrid"]
[Site "Madrid ESP"]
[Date "2025.05.05"]
[Round "1.10"]
[White "Pulido Gomez, Pablo"]
[Black "Vioque Gonzalez, Nicolas"]
[Result "0-1"]
[WhiteElo "1936"]
[BlackElo "2208"]
[PlyCount "94"]
[GameId "2174251194941632"]
[EventDate "2025.05.05"]
[EventType "swiss"]
[EventRounds "7"]
[SourceTitle "Ajedrez en Madrid"]
[Source "lmi"]
[SourceDate "2025.05.05"]
[SourceVersion "1"]
[SourceVersionDate "2025.05.14"]
[SourceQuality "1"]

1. e4 e5 2. Nf3 Nc6 3. Bb5 f5 4. Qe2 fxe4 5. Qxe4 Nf6 6. Qe2 Be7 7. O-O O-O 8. Bxc6 dxc6 9. Nxe5 Bd6 10. f4 Qe7 11. d4 c5 12. Be3 Ng4 13. c3 cxd4 14. cxd4 c5 15. Nd2 Nxe3 16. Qxe3 cxd4 17. Qe4 Bf5 18. Qd5+ Be6 19. Qe4 Rad8 20. Rae1 Bb4 21. Nef3 Rfe8 22. Qd3 Qd6 23. a3 Ba5 24. Nc4 Qa6 25. Rc1 Bxc4 26. Qxc4+ Qxc4 27. Rxc4 Bb6 28. Rd1 Re4 29. Rd3 Rxf4 30. h3 h6 31. b4 Rd7 32. Kf1 g5 33. Ke2 g4 34. hxg4 Rxg4 35. Kf2 Rdg7 36. Ne1 Re7 37. Nf3 Reg7 38. Rc8+ Kh7 39. Ne1 Re7 40. Rf8 Rge4 41. Nf3 Re2+ 42. Kf1 Rc2 43. Nh4 Rc1+ 44. Kf2 Rc3 45. Rff3 Re3 46. Rfxe3 dxe3+ 47. Ke2 Rc2+ 0-1

[Event "Campeonato Individual Absoluto de Madrid"]
[Site "Madrid ESP"]
[Date "2025.05.05"]
[Round "1.11"]
[White "Rodriguez Avila, Alvaro"]
[Black "Moreno Torrero, Javier"]
[Result "1-0"]
[WhiteElo "2204"]
[BlackElo "1933"]
[PlyCount "73"]
[GameId "2174253552402639"]
[EventDate "2025.05.05"]
[EventType "swiss"]
[EventRounds "7"]
[SourceTitle "Ajedrez en Madrid"]
[Source "lmi"]
[SourceDate "2025.05.05"]
[SourceVersion "1"]
[SourceVersionDate "2025.05.14"]
[SourceQuality "1"]

1. e4 c5 2. Nf3 e6 3. d4 cxd4 4. Nxd4 Nf6 5. Bd3 Nc6 6. Nxc6 bxc6 7. O-O e5 8. Nd2 Be7 9. Nc4 d6 10. f4 exf4 11. Bxf4 O-O 12. Kh1 d5 13. exd5 cxd5 14. Ne5 Qb6 15. c3 Ba6 16. Bg5 Bxd3 17. Qxd3 Rad8 18. Rae1 Rfe8 19. Re2 Ne4 20. Be3 Bc5 21. Bxc5 Nxc5 22. Qf3 f6 23. Ng4 Rxe2 24. Qxe2 Ne4 25. Ne3 Qc5 26. Qd3 d4 27. Qxe4 dxe3 28. h3 h6 29. Re1 Rd2 30. Rxe3 Rxb2 31. Rg3 Qe5 32. Qc4+ Kh7 33. Qd3+ Kg8 34. Re3 Qb8 35. Re1 Qa8 36. Qg6 Rb8 37. Re7 1-0

[Event "Campeonato Individual Absoluto de Madrid"]
[Site "Madrid ESP"]
[Date "2025.05.05"]
[Round "1.12"]
[White "De Vicente Guijarro, Juan"]
[Black "Grabuzova, Tatiana"]
[Result "0-1"]
[WhiteElo "1930"]
[BlackElo "2199"]
[PlyCount "56"]
[GameId "2174237318254953"]
[EventDate "2025.05.05"]
[EventType "swiss"]
[EventRounds "7"]
[SourceTitle "Ajedrez en Madrid"]
[Source "lmi"]
[SourceDate "2025.05.05"]
[SourceVersion "1"]
[SourceVersionDate "2025.05.14"]
[SourceQuality "1"]

1. e4 e6 2. d4 d5 3. exd5 exd5 4. c4 Nf6 5. Nc3 Bb4 6. Bd3 O-O 7. Nge2 dxc4 8. Bxc4 Nbd7 9. O-O Nb6 10. Bb3 Re8 11. Bg5 h6 12. Bh4 a5 13. a3 Bd6 14. Kh1 Bf5 15. Ng3 Bxg3 16. Bxf6 Qxf6 17. fxg3 Qg6 18. Rf4 c6 19. Bxf7+ Qxf7 20. Qf3 Qb3 21. Rxf5 Qxb2 22. Rf1 Qxa3 23. h3 Rf8 24. Rf7 Nd5 25. Nxd5 Qxf3 26. R7xf3 Rxf3 27. gxf3 cxd5 28. Rb1 Ra7 0-1

[Event "Campeonato Individual Absoluto de Madrid"]
[Site "Madrid ESP"]
[Date "2025.05.05"]
[Round "1.13"]
[White "Martinez Fernandez, Raul"]
[Black "Galarreta Santana, Javier"]
[Result "1/2-1/2"]
[WhiteElo "2158"]
[BlackElo "1927"]
[PlyCount "230"]
[GameId "2174265664254302"]
[EventDate "2025.05.05"]
[EventType "swiss"]
[EventRounds "7"]
[SourceTitle "Ajedrez en Madrid"]
[Source "lmi"]
[SourceDate "2025.05.05"]
[SourceVersion "1"]
[SourceVersionDate "2025.05.14"]
[SourceQuality "1"]

1. e4 e6 2. d4 d5 3. Nc3 Bb4 4. e5 c5 5. a3 Bxc3+ 6. bxc3 Ne7 7. h4 Nbc6 8. h5 Qa5 9. Bd2 Qc7 10. Qg4 Bd7 11. Qxg7 Rg8 12. Qxh7 cxd4 13. Nf3 dxc3 14. Bf4 O-O-O 15. Qd3 d4 16. Qe4 Nd5 17. Bg5 f5 18. exf6 Rxg5 19. Nxg5 Nxf6 20. Qe2 Qf4 21. Nf3 e5 22. Rh4 Qh6 23. Rb1 a6 24. Rd1 Bf5 25. g4 Bxg4 26. Rxg4 Nxg4 27. Bh3 Qxh5 28. Ng1 Rg8 29. f3 Qh4+ 30. Kf1 Qf6 31. Qe4 Kb8 32. Bxg4 Rf8 33. Re1 Qh4 34. Nh3 Qe7 35. Nf2 Rh8 36. Kg2 Qxa3 37. Bd7 Qd6 38. Bxc6 bxc6 39. Qxe5 Qxe5 40. Rxe5 Kc7 41. f4 Ra8 42. Ra5 Kb6 43. Ra1 a5 44. Kf3 Kc5 45. f5 Kd5 46. Kf4 c5 47. Kg5 Rg8+ 48. Kf4 Rg2 49. Kf3 Rg5 50. Rxa5 Rxf5+ 51. Ke2 Re5+ 52. Kd1 Kc6 53. Nd3 Rg5 54. Ra6+ Kb5 55. Ra8 c4 56. Rb8+ Ka5 57. Nb4 Rg2 58. Nc6+ Ka6 59. Rd8 d3 60. cxd3 Rd2+ 61. Kc1 cxd3 62. Nb4+ Kb5 63. Nxd3 Rh2 64. Rc8 Rh4 65. Rc5+ Kb6 66. Kc2 Rd4 67. Rxc3 Kb5 68. Rc5+ Kb6 69. Rh5 Rg4 70. Kc3 Re4 71. Nb2 Rf4 72. Nc4+ Kc6 73. Kd3 Rf1 74. Nd2 Ra1 75. Ne4 Rd1+ 76. Kc4 Rc1+ 77. Nc3 Rg1 78. Rh6+ Kd7 79. Ne4 Rc1+ 80. Kd5 Rd1+ 81. Ke5 Ra1 82. Nc3 Re1+ 83. Kd5 Ke7 84. Rh7+ Kf6 85. Ne4+ Kf5 86. Rf7+ Kg6 87. Rf4 Ra1 88. Rf6+ Kg7 89. Rf2 Ra5+ 90. Ke6 Ra6+ 91. Nd6 Ra1 92. Rg2+ Kf8 93. Rf2+ Kg7 94. Ne8+ Kg6 95. Rg2+ Kh6 96. Ng7 Ra6+ 97. Kf5 Ra5+ 98. Kf6 Ra6+ 99. Ne6 Kh5 100. Ke5 Ra5+ 101. Ke4 Ra4+ 102. Nd4 Ra5 103. Nf3 Ra4+ 104. Kf5 Ra5+ 105. Ne5 Kh4 106. Rf2 Ra4 107. Rf3 Ra5 108. Rb3 Rc5 109. Kf4 Ra5 110. Rc3 Rb5 111. Rc1 Rb4+ 112. Nc4 Kh5 113. Kf5 Rb5+ 114. Ne5 Kh4 115. Rc3 Ra5 1/2-1/2

[Event "Campeonato Individual Absoluto de Madrid"]
[Site "Madrid ESP"]
[Date "2025.05.05"]
[Round "1.14"]
[White "Cardena Contreras, Javier"]
[Black "Lopez Del Alamo, Antonio"]
[Result "0-1"]
[WhiteElo "1916"]
[BlackElo "2145"]
[PlyCount "74"]
[GameId "2174254494552288"]
[EventDate "2025.05.05"]
[EventType "swiss"]
[EventRounds "7"]
[SourceTitle "Ajedrez en Madrid"]
[Source "lmi"]
[SourceDate "2025.05.05"]
[SourceVersion "1"]
[SourceVersionDate "2025.05.14"]
[SourceQuality "1"]

1. e4 c6 2. d4 d5 3. f3 dxe4 4. fxe4 e5 5. Nf3 Bg4 6. Bc4 Nd7 7. O-O Ngf6 8. Nc3 exd4 9. Ne2 Bxf3 10. gxf3 Ne5 11. Bb3 Bc5 12. Kh1 O-O 13. Bf4 Ng6 14. Bg3 Qd7 15. Qd3 Rad8 16. Rad1 Qe7 17. Nc1 Bd6 18. Qe2 Nh5 19. Bxd6 Rxd6 20. Nd3 Ngf4 21. Nxf4 Nxf4 22. Qd2 Qe5 23. Rg1 c5 24. Rg4 Rf6 25. Rdg1 Ng6 26. Qg2 Rf4 27. Rg5 Qf6 28. e5 Qc6 29. Rg3 c4 30. Rg4 Rxg4 31. Qxg4 cxb3 32. cxb3 Qd5 33. h4 Qxe5 34. h5 Nf4 35. h6 g6 36. Rd1 d3 37. Qg3 Qh5+ 0-1

[Event "Campeonato Individual Absoluto de Madrid"]
[Site "Madrid ESP"]
[Date "2025.05.05"]
[Round "1.15"]
[White "Portero Rubio, Martin"]
[Black "Cabanas Bravo, Juan Andres"]
[Result "1-0"]
[WhiteElo "2079"]
[BlackElo "1911"]
[PlyCount "57"]
[GameId "2174244220871101"]
[EventDate "2025.05.05"]
[EventType "swiss"]
[EventRounds "7"]
[SourceTitle "Ajedrez en Madrid"]
[Source "lmi"]
[SourceDate "2025.05.05"]
[SourceVersion "1"]
[SourceVersionDate "2025.05.14"]
[SourceQuality "1"]

1. e4 e5 2. Nf3 Nc6 3. Bb5 Qf6 4. c3 Bc5 5. d4 exd4 6. e5 Qg6 7. cxd4 Qxg2 8. Rg1 Bb4+ 9. Nc3 Qh3 10. Be3 g6 11. d5 Nd8 12. Rg3 Qh5 13. Rg5 Qh3 14. Bf1 Qh6 15. Qd4 c5 16. Qc4 b6 17. O-O-O Bxc3 18. Qxc3 Qg7 19. Nd2 Ne7 20. Ne4 Nb7 21. Nf6+ Kd8 22. Ba6 Nf5 23. Nh5 Qf8 24. Rxf5 gxf5 25. d6 Rg8 26. Qd2 Nxd6 27. Bxc8 Rxc8 28. Bg5+ f6 29. Nxf6 1-0

[Event "Campeonato Individual Absoluto de Madrid"]
[Site "Madrid ESP"]
[Date "2025.05.05"]
[Round "1.16"]
[White "Calderon Rojo, Borja"]
[Black "Alvarez Poves, Jesus"]
[Result "0-1"]
[WhiteElo "1911"]
[BlackElo "2071"]
[PlyCount "66"]
[GameId "2174255748980985"]
[EventDate "2025.05.05"]
[EventType "swiss"]
[EventRounds "7"]
[SourceTitle "Ajedrez en Madrid"]
[Source "lmi"]
[SourceDate "2025.05.05"]
[SourceVersion "1"]
[SourceVersionDate "2025.05.14"]
[SourceQuality "1"]

1. e4 c5 2. Nf3 e6 3. Nc3 Nc6 4. g3 d5 5. Bg2 d4 6. Nb1 e5 7. d3 Be7 8. a4 Nf6 9. Nbd2 Be6 10. O-O Nd7 11. b3 g5 12. Nc4 g4 13. Ne1 Qc7 14. f4 gxf3 15. Bxf3 Rg8 16. Bg2 O-O-O 17. Bd2 Rg7 18. a5 a6 19. Kh1 Rdg8 20. Qe2 h5 21. Nb6+ Nxb6 22. axb6 Qd7 23. c3 h4 24. gxh4 Bxh4 25. Rg1 Bh3 26. Qh5 Rg4 27. Nf3 Bxg2+ 28. Rxg2 Rxg2 29. Qxh4 Qg4 30. Qxg4+ R8xg4 31. c4 Rf2 32. h3 Rxf3 33. Be1 Rxh3# 0-1

[Event "Campeonato Individual Absoluto de Madrid"]
[Site "Madrid ESP"]
[Date "2025.05.05"]
[Round "1.17"]
[White "Roquero Redondo, Miguel"]
[Black "Lorenzo Martin, Hector"]
[Result "1-0"]
[WhiteElo "2063"]
[BlackElo "1906"]
[PlyCount "31"]
[GameId "2174215605981500"]
[EventDate "2025.05.05"]
[EventType "swiss"]
[EventRounds "7"]
[SourceTitle "Ajedrez en Madrid"]
[Source "lmi"]
[SourceDate "2025.05.05"]
[SourceVersion "1"]
[SourceVersionDate "2025.05.14"]
[SourceQuality "1"]

1. e4 e6 2. d4 d5 3. Nd2 c5 4. exd5 Qxd5 5. Ngf3 cxd4 6. Bc4 Qd6 7. Qe2 Nf6 8. Nb3 Nc6 9. Bg5 Be7 10. O-O-O Bd7 11. Nbxd4 Nxd4 12. Rxd4 Qb6 13. Rhd1 Bc6 14. Ne5 Bxg2 15. f3 Bh3 16. Bb5+ 1-0

[Event "Campeonato Individual Absoluto de Madrid"]
[Site "Madrid ESP"]
[Date "2025.05.05"]
[Round "1.18"]
[White "Arevillca Colque, Jonatan"]
[Black "Perez Diez, Victor"]
[Result "0-1"]
[WhiteElo "1900"]
[BlackElo "2041"]
[PlyCount "72"]
[GameId "2174238292038007"]
[EventDate "2025.05.05"]
[EventType "swiss"]
[EventRounds "7"]
[SourceTitle "Ajedrez en Madrid"]
[Source "lmi"]
[SourceDate "2025.05.05"]
[SourceVersion "1"]
[SourceVersionDate "2025.05.14"]
[SourceQuality "1"]

1. e4 c5 2. d4 cxd4 3. c3 Nf6 4. e5 Nd5 5. Nf3 Nc6 6. Bc4 Nb6 7. Bb3 d5 8. exd6 Qxd6 9. cxd4 Be6 10. Nc3 Bxb3 11. Qxb3 e6 12. g3 Qb4 13. Bf4 Qxb3 14. axb3 Be7 15. Rd1 Nb4 16. O-O O-O 17. Ne5 Rfd8 18. Nc4 N6d5 19. Ne3 Nxf4 20. gxf4 Bf6 21. d5 exd5 22. Ncxd5 Nxd5 23. Rxd5 Rxd5 24. Nxd5 Bxb2 25. Re1 Kf8 26. Re2 Rd8 27. Rxb2 Rxd5 28. Ra2 a5 29. Ra4 Rb5 30. Kg2 b6 31. Ra3 Ke7 32. Kf3 Kd6 33. Ke4 f5+ 34. Kd3 Rb4 35. Ke3 Kc5 36. f3 Kd5 0-1

[Event "Campeonato Individual Absoluto de Madrid"]
[Site "Madrid ESP"]
[Date "2025.05.05"]
[Round "1.19"]
[White "Nunez Munoz, Jesus"]
[Black "Garcia Galeote, Lorenzo"]
[Result "1-0"]
[WhiteElo "1996"]
[BlackElo "1894"]
[PlyCount "91"]
[GameId "2174260132299057"]
[EventDate "2025.05.05"]
[EventType "swiss"]
[EventRounds "7"]
[SourceTitle "Ajedrez en Madrid"]
[Source "lmi"]
[SourceDate "2025.05.05"]
[SourceVersion "1"]
[SourceVersionDate "2025.05.14"]
[SourceQuality "1"]

1. e4 e5 2. Nf3 Nf6 3. d3 d6 4. g3 g6 5. Bg2 Bg7 6. O-O O-O 7. Nbd2 c5 8. a4 Nc6 9. Nc4 h6 10. Ne3 Be6 11. c4 Nd4 12. Bd2 Qd7 13. b4 Nxf3+ 14. Bxf3 Bh3 15. Bg2 Bxg2 16. Kxg2 Nh7 17. Rb1 f5 18. Nd5 Nf6 19. bxc5 dxc5 20. f3 fxe4 21. dxe4 Nxd5 22. cxd5 Rf6 23. Bc3 Ra6 24. a5 Rd6 25. Qb3 b6 26. Qb5 Qe7 27. Qc4 Kh7 28. Rb2 Rf8 29. axb6 axb6 30. Qb5 Rdf6 31. Ra2 g5 32. h3 Qf7 33. Raf2 Rd6 34. Qb2 Qe8 35. Ra1 b5 36. Ra7 Kg8 37. Rxg7+ Kxg7 38. Bxe5+ Rdf6 39. Bxf6+ Rxf6 40. e5 Ra6 41. e6+ Kg8 42. Qe5 Rb6 43. d6 Rb7 44. Qd5 Rb8 45. Re2 Kg7 46. Qxc5 1-0

[Event "Campeonato Individual Absoluto de Madrid"]
[Site "Madrid ESP"]
[Date "2025.05.05"]
[Round "1.20"]
[White "Camarero Izquierdo, Juan Carlos"]
[Black "Bocancea, Cristian Andrei"]
[Result "0-1"]
[WhiteElo "1892"]
[BlackElo "1995"]
[PlyCount "82"]
[GameId "2174256664494353"]
[EventDate "2025.05.05"]
[EventType "swiss"]
[EventRounds "7"]
[SourceTitle "Ajedrez en Madrid"]
[Source "lmi"]
[SourceDate "2025.05.05"]
[SourceVersion "1"]
[SourceVersionDate "2025.05.14"]
[SourceQuality "1"]

1. e4 c5 2. Nf3 d6 3. d4 cxd4 4. Nxd4 Nf6 5. Nc3 Nc6 6. Be3 Ng4 7. Bc4 Nxe3 8. fxe3 e6 9. Qh5 Qa5 10. Qe2 Bd7 11. O-O Be7 12. Kh1 O-O 13. Rad1 a6 14. Bd3 Qe5 15. Nf3 Qh5 16. Qf2 Ne5 17. Nxe5 Qxe5 18. Rb1 Bc6 19. Qe2 b5 20. a3 Rab8 21. Rf3 a5 22. Rh3 g6 23. Qg4 f5 24. exf5 exf5 25. Qd1 Bg5 26. a4 bxa4 27. Bc4+ Kg7 28. Bd5 Bxd5 29. Nxd5 Rxb2 30. Rxb2 Qxb2 31. Rg3 a3 32. Rf3 a2 33. Rf1 Rb8 34. c3 Qb1 35. Qd4+ Kh6 36. h4 Qxf1+ 37. Kh2 Bd8 38. e4 a1=Q 39. Qe3+ f4 40. Nxf4 Qh1+ 41. Kg3 Qae1+ 0-1